000 00906cam a2200277 a 4500
008
020 _a007340506X (hbk.)
040 _aMAIN
_cNUST
_c(38402)
_c(38403)
_c(38404)
_c(38405)
_c(38406)
_c(38407)
_c(38408)
090 0 _aHD62.7
_bKAT
100 1 _aKatz, Jerome A.
245 1 0 _aEntrepreneurial small business /
_cJerome A. Katz, Richard P. Green.
250 _a2nd ed.
260 _aBoston :
_bMcGraw-Hill Irwin,
_cc2009.
300 _axxxvii, 795 p. :
_bcol. ill. ;
_c29 cm.
500 _aIncludes index.
504 _aIncludes bibliographical references.
650 0 _aSmall business
_xManagement.
650 0 _aNew business enterprises
_xManagement.
650 0 _aEntrepreneurship.
700 1 _aGreen, Richard P.
907 _a.b10288612
_b29-10-13
_c15-12-10
003
005 20230120133838.0
049 _aMAIN
942 _cBOOKS
_kHD62.7
_mKAT
999 _c96477
_d96477